|
|
|
|
| LEADER |
00753nab a2200193 i 4500 |
| 001 |
misc73473 |
| 005 |
20241018111438.0 |
| 008 |
240312s1956 hu o 000 eng d |
| 040 |
|
|
|a SZTE Miscellanea Repozitórium
|b hun
|
| 041 |
|
|
|a eng
|
| 100 |
2 |
|
|a Szent-Györgyi Albert
|
| 245 |
1 |
0 |
|a Mechanochemical coupling in muscle
|h [elektronikus dokumentum] /
|c Szent-Györgyi Albert
|
| 260 |
|
|
|a Academic Press
|b New York
|c 1956
|
| 300 |
|
|
|a 393-397
|
| 490 |
0 |
|
|a Enzymes : units of biological structure and function : Henry Ford Hospital International Symposium
|
| 561 |
|
|
|a Szent-Györgyi Albert tudományos és egyéb írásai
|
| 695 |
|
|
|a Izom
|
| 700 |
0 |
1 |
|a Gaebler Oliver H.
|
| 856 |
4 |
0 |
|u http://misc.bibl.u-szeged.hu/73473/1/szgya_amerikai_087.pdf
|z Dokumentum-elérés
|